MARC

LEADER 00000nam0a2200000 4500
001 36554
005 20231031002056.0
035 |a (RuTPU)RU\TPU\book\37028 
035 |a BOOK00003680 
090 |a 36554 
100 |a 20011210d1989 m y0rusy50 ca 
101 0 |a rus 
102 |a RU 
105 |a a j 000zy 
200 1 |a Охрана окружающей среды  |e учебное пособие  |f В. А. Лысов, Ф. Л. Поповьян, Л. И. Нечаева 
210 |a Ростов-на-Дону  |c [Б. и.]  |d 1989 
215 |a 82 с.  |c ил. 
610 1 |a окружающая среда 
610 1 |a охрана 
610 1 |a атмосфера 
610 1 |a почва 
610 1 |a воды природные 
610 1 |a загрязнение 
610 1 |a учебные пособия 
675 |a 502.3(075.8)  |v 3 
700 1 |a Лысов  |b В. А.  |g Владимир Афанасьевич 
701 1 |a Поповьян  |b Ф. Л.  |g Флора Леонидовна 
701 1 |a Нечаева  |b Л. И.  |g Лариса Ильинична 
801 0 |a RU  |b 63413507  |c 20011210  |g PSBO 
801 2 |a RU  |b 63413507  |c 20181208  |g PSBO 
900 |a Экология 
942 |c BK